Prueba de los gentilicios #1 - Estadísticas

Estadísticas generales
  • Esta prueba ha sido intentada 5.793 veces
    5.565 desde el último reinicio
  • La puntuación promedio es 14 de 18
Estadísticas de respuestas
País Gentilicio % Correcto
Canadá Canadiense
99%
India Indio
95%
Marruecos Marroquí
94%
Letonia Letón
92%
Panamá Panameño
89%
Etiopía Etíope
88%
Eslovenia Esloveno
86%
Líbano Libanés
84%
Guatemala Guatemalteco
83%
Kenia Keniano
81%
Haití Haitiano
80%
Costa Rica Costarricense
75%
Luxemburgo Luxemburgués
74%
R. D. Congo Congoleño
65%
Chipre Chipriota
60%
Paises Bajos Neerlandés
58%
Fiyi Fiyiano
51%
Guinea Ecuatorial Ecuatoguineano
28%
No se encontraron pruebas coincidentes
Distribución de puntuación
Porcentaje de gente con cada puntuación
Porcentaje por número respondido
Historial de tus puntuaciones
No has intentado esta prueba desde el último reinicio